| 000 | 00402nam a22001697a 4500 | ||
|---|---|---|---|
| 005 | 20240910111615.0 | ||
| 008 | 160426b xxu||||| |||| 00| 0 eng d | ||
| 020 | _a81-7656-278-5 | ||
| 041 | _aeng | ||
| 082 | _a004.678 | ||
| 100 |
_aMURARKA, DR P.D. _98513 |
||
| 245 | _aINTERNET AND WEB PAGE DESIGN | ||
| 260 |
_aNew Delhi _bBPB Publishing, _c2000 |
||
| 300 | _a302;P | ||
| 650 | _aCS.IT | ||
| 942 | _cBK | ||
| 999 |
_c60 _d60 |
||